| 000 | 00493nam a2200181Ia 4500 | ||
|---|---|---|---|
| 005 | 20250508151146.0 | ||
| 008 | 008 250505s9999 xx 000 0 hin d | ||
| 037 | _aTextual | ||
| 040 |
_aFEDL _beng _cFEDL |
||
| 041 |
_ahin _2eng |
||
| 084 |
_a954.01, SAT _qFEDL |
||
| 100 | _aVidyalankar Satyaketu | ||
| 245 | 0 | _aBGharat ka pracheen itihas | |
| 260 |
_aMasuri, India _bSaraswati Sadan _c1953 |
||
| 300 | _a976p | ||
| 942 |
_cTEXL _h954.01, SAT |
||
| 999 |
_c1327967 _d1327967 |
||